Представление документа в формате RUSMARC

ПолеНазваниеЗначение
  Тип записи a
  Библиографический уровень a
001 Контрольный номер RU/CBS_Ul/BASE/546008238
005 Дата корректировки 20241102114118.0
100 Данные общей обработки __
a Данные общей обработки 20170420d2017 ||| 0rusy0189 ca
101 Язык документа 0_
a Язык текста rus
102 Страна публикации __
a Страна публикации RU
105 Кодированные данные (монография) __
a Кодированные данные (монография) y###||||000|y
200 Заглавие и сведения об ответственности 1_
a Заглавие Авиация ПВО в битве за Москву
b Общее обозначение материала Текст
e Сведения, относящиеся к заглавию [отражение 34-м ИАП ночных налётов немецкой авиации на Москву]
f Первые сведения об ответственности В. Урвачев
300 Общие примечания __
a Общие примечания Ограничения по возрасту - 16+
461 Уровень набора _0
1 2000
a Авиация и космонавтика вчера, сегодня, завтра
463 Уровень физической единицы _0
1 001RU/CBS_Ul/BASE/535815997
1 2000
a № 12
v С. 2-10 : фото
1 210
d 2016
600 Персоналии _0
a Персоналии (Фамилия) Урвачев
b Персоналии (Имя, инициалы) В.
606 Тематические рубрики 0_
a Основная рубрика Истребительный авиационный полк (34) - участие в Великой Отечественной войне - 1941
y Географическая подрубрика Москва, город
z Хронологическая подрубрика 1941
610 Ключевые слова 0_
a Ключевые слова Великая Отечественная война
a Ключевые слова боевые вылеты
a Ключевые слова воздушные бои
a Ключевые слова истребительные авиационные полки
a Ключевые слова ИАП
a Ключевые слова 34-й истребительный авиационный полк
a Ключевые слова 6-й истребительный авиационный корпус
a Ключевые слова противовоздушная оборона Москвы
a Ключевые слова бомбардировщики
a Ключевые слова немецкая авиация
a Ключевые слова советская авиация
a Ключевые слова советские лётчики
a Ключевые слова лётчики авиаполков
a Ключевые слова герои-лётчики в Великой Отечественной войне
686 Индексы других классификаций __
a Классификационный индекс 63.3(2)622.11
2 Код системы ББК
700 Автор _1
a Фамилия Урвачев
b Имя (инициалы) В.
801 Источник записи _0
a Страна RU
b Организация МБУК ЦБС г. Ульяновска
c Дата составления 20170420
g Правила каталогизации RCR
801 Источник записи _1
a Страна RU
b Организация МБУК ЦБС г. Ульяновска
c Дата составления 20170420
g Правила каталогизации RCR
901 Тип документа __
t Тип документа b
w Контрольный № источника RU/CBS_Ul/BASE/535815997
910 Корректоры записи __
a Корректор записи Библиотека 2
938 Служебная информация __
a Имя БД period